[Event "TUR-chT2"]
[Site "Konya"]
[Date "2015.07.28"]
[Round "5.4"]
[White "Izge, Bayyurt"]
[Black "Guven, Baris"]
[Result "1-0"]
[WhiteElo "1614"]
[BlackElo "2086"]
[PlyCount "103"]
[EventDate "2015.07.25"]
[EventType "team-swiss"]
[EventRounds "9"]
[EventCountry "TUR"]
[SourceTitle "CBM 167 Extra"]
[Source "ChessBase"]
[SourceDate "2015.09.14"]
[SourceVersion "1"]
[SourceVersionDate "2015.09.14"]
[SourceQuality "1"]
[WhiteTeam "Canakkale Gokceada"]
[BlackTeam "Manisa Salihli Sardes"]
[WhiteTeamCountry "TUR"]
[BlackTeamCountry "TUR"]

1. d4 d5 2. Bf4 Nf6 3. e3 c5 4. c3 Nc6 5. Bd3 Qb6 6. Qc2 c4 7. Be2 Bf5 8. Qc1 e6 9. Nf3 Qd8 10. Nh4 Bg6 11. Nxg6 hxg6 12. h3 Bd6 13. Bxd6 Qxd6 14. Nd2 e5 15. b3 exd4 16. cxd4 cxb3 17. Nxb3 0-0 18. Qc5 Qd7 19. Bb5 Rfc8 20. Rc1 a6 21. Bxc6 Rxc6 22. Qb4 a5 23. Qa3 Rxc1+ 24. Nxc1 Qb5 25. Qb3 Qc4 26. Nd3 b5 27. 0-0 Ne4 28. Rc1 Qxb3 29. axb3 a4 30. bxa4 bxa4 31. Nc5 Nd6 32. Ra1 a3 33. Kf1 Nc4 34. Ke2 Rb8 35. Kd3 f5 36. f3 Rb2 37. e4 fxe4+ 38. fxe4 Rxg2 39. exd5 Nd6 40. Ne4 Nxe4 41. Kxe4 Re2+ 42. Kd3 Rh2 43. Kc4 Rxh3 44. d6 Kf7 45. Re1 a2 46. d7 Rh8 47. Kd5 Rb8 48. Kd6 Rb1 49. Re7+ Kf6 50. d8Q a1Q 51. Re5+ Kf7 52. Qe8+ 1-0

[Event "TUR-chT"]
[Site "Denizli"]
[Date "2013.06.30"]
[Round "2.9"]
[White "Gokerkan, Cem Kaan"]
[Black "Guven, Baris"]
[Result "0-1"]
[WhiteElo "1888"]
[BlackElo "2115"]
[PlyCount "102"]
[EventDate "2013.06.29"]
[EventType "team-tourn"]
[EventRounds "13"]
[EventCountry "TUR"]
[SourceTitle "CBM 155 Extra"]
[Source "ChessBase"]
[SourceDate "2013.08.26"]
[SourceVersion "1"]
[SourceVersionDate "2013.08.26"]
[SourceQuality "1"]
[WhiteTeam "Besiktas Jimnastik"]
[BlackTeam "Alyans Satranc"]
[WhiteTeamCountry "TUR"]
[BlackTeamCountry "TUR"]

1. Nf3 d5 2. c4 c6 3. d4 Nf6 4. Qc2 dxc4 5. Qxc4 Bf5 6. g3 e6 7. Bg2 Nbd7 8. 0-0 Be7 9. Nc3 0-0 10. Re1 Ne4 11. Qb3 Qb6 12. Qxb6 axb6 13. Nh4 Bxh4 14. gxh4 Nef6 15. e4 Bg6 16. Bf4 Rfe8 17. Bd6 b5 18. Rad1 e5 19. d5 Nh5 20. Bh3 Ndf6 21. f3 Nf4 22. Bf1 Nd7 23. a3 Rac8 24. Ne2 Nh5 25. Nc1 Ra8 26. Nb3 Nf4 27. Bb4 cxd5 28. Bxb5 Nf6 29. Bxe8 Rxe8 30. Nc5 Nh3+ 31. Kg2 Nf4+ 32. Kg1 Nh3+ 33. Kg2 Nf4+ 34. Kf1 Bh5 35. Re3 b6 36. Nb7 dxe4 37. Rd8 Rxd8 38. Nxd8 Bxf3 39. Nc6 N6d5 40. Ne7+ Nxe7 41. Bxe7 Nd5 42. Rb3 Nxe7 43. Rxb6 f6 44. a4 e3 45. a5 Nd5 46. Rb3 e2+ 47. Ke1 e4 48. a6 Nf4 49. Rb8+ Kf7 50. Rb7+ Kg6 51. h5+ Kxh5 0-1

[Event "World School-ch U17 9th"]
[Site "Porto Carras"]
[Date "2013.05.13"]
[Round "8"]
[White "Guven, Baris"]
[Black "Oganian, Miran"]
[Result "1/2-1/2"]
[WhiteElo "2099"]
[BlackElo "2317"]
[PlyCount "117"]
[EventDate "2013.05.07"]
[EventType "swiss"]
[EventRounds "9"]
[EventCountry "GRE"]
[SourceTitle "CBM 154 Extra"]
[Source "ChessBase"]
[SourceDate "2013.06.25"]
[SourceVersion "2"]
[SourceVersionDate "2013.06.25"]
[SourceQuality "1"]

1. e4 c5 2. Nf3 Nc6 3. d4 cxd4 4. Nxd4 Qc7 5. Nc3 e6 6. g3 a6 7. Bg2 Nf6 8. 0-0 Nxd4 9. Qxd4 Bc5 10. Bf4 d6 11. Qd2 h6 12. Rad1 e5 13. Be3 Be6 14. Bxc5 dxc5 15. f4 0-0 16. Nd5 Bxd5 17. exd5 e4 18. d6 Qb6 19. Rfe1 Rfe8 20. c4 Rad8 21. Bh3 g6 22. b3 Nd7 23. Bxd7 Rxd7 24. f5 Kh7 25. fxg6+ fxg6 26. Qd5 Qc6 27. Re3 Qxd5 28. Rxd5 b6 29. Kf2 Kg7 30. Re2 Re6 31. Ke3 Rexd6 32. Rxd6 Rxd6 33. Kxe4 Kf6 34. Rf2+ Ke6 35. Ke3 b5 36. cxb5 axb5 37. Rc2 Rc6 38. a4 bxa4 39. bxa4 Kd5 40. Kd3 c4+ 41. Kc3 Rf6 42. Rd2+ Kc5 43. Rd8 Rf3+ 44. Kc2 Kb4 45. Rb8+ Kxa4 46. Rb6 g5 47. Rxh6 Kb4 48. Rb6+ Kc5 49. Rb8 Ra3 50. Rc8+ Kd4 51. Rd8+ Ke4 52. Rg8 Kd4 53. Rd8+ Kc5 54. Rc8+ Kd5 55. Rd8+ Ke5 56. Rg8 Rf3 57. Rxg5+ Kd4 58. Rg4+ Kc5 59. Rg8 1/2-1/2

[Event "World School-ch U17 9th"]
[Site "Porto Carras"]
[Date "2013.05.09"]
[Round "3"]
[White "Guven, Baris"]
[Black "Arat, Ufuk Sezen"]
[Result "0-1"]
[WhiteElo "2099"]
[BlackElo "2207"]
[PlyCount "124"]
[EventDate "2013.05.07"]
[EventType "swiss"]
[EventRounds "9"]
[EventCountry "GRE"]
[SourceTitle "CBM 154 Extra"]
[Source "ChessBase"]
[SourceDate "2013.06.25"]
[SourceVersion "2"]
[SourceVersionDate "2013.06.25"]
[SourceQuality "1"]

1. e4 Nf6 2. e5 Nd5 3. d4 d6 4. c4 Nb6 5. exd6 exd6 6. Nc3 Be7 7. Bd3 0-0 8. Nge2 Nc6 9. 0-0 Bf6 10. Be3 Nb4 11. b3 Nxd3 12. Qxd3 c6 13. h3 d5 14. c5 Nd7 15. b4 b6 16. Rab1 bxc5 17. bxc5 Qa5 18. Rfe1 Ba6 19. Qc2 Rfe8 20. Rec1 Nf8 21. Nf4 Ne6 22. Nxe6 Rxe6 23. Qd2 Rae8 24. Nxd5 Qd8 25. Nb4 Bb5 26. d5 cxd5 27. Qxd5 a5 28. Qxd8 Bxd8 29. Nd5 Bc6 30. Nf4 Re4 31. Rb8 Bc7 32. Rxe8+ Rxe8 33. Ne2 Be5 34. Rb1 Rd8 35. f4 Bf6 36. Rb6 Rc8 37. Kf2 Bd5 38. Nc1 Be7 39. Rb5 a4 40. Ra5 Kf8 41. a3 Ra8 42. Rxa8+ Bxa8 43. Bd4 g5 44. f5 h5 45. f6 Bd8 46. g4 hxg4 47. hxg4 Ke8 48. Nd3 Kd7 49. Ke3 Ke6 50. Nb4 Bxf6 51. c6 Be7 52. Bc3 Kd6 53. Ke4 Bxc6+ 54. Nxc6 Kxc6 55. Kf5 Kd5 56. Bf6 Bxa3 57. Bxg5 Kc4 58. Bf6 Bb4 59. g5 a3 60. Be5 a2 61. Kf6 Bc3 62. Kxf7 a1Q 0-1

[Event "World School-ch U17 9th"]
[Site "Porto Carras"]
[Date "2013.05.08"]
[Round "2"]
[White "Koksal, Ege"]
[Black "Guven, Baris"]
[Result "1/2-1/2"]
[WhiteElo "2228"]
[BlackElo "2099"]
[PlyCount "80"]
[EventDate "2013.05.07"]
[EventType "swiss"]
[EventRounds "9"]
[EventCountry "GRE"]
[SourceTitle "CBM 154 Extra"]
[Source "ChessBase"]
[SourceDate "2013.06.25"]
[SourceVersion "2"]
[SourceVersionDate "2013.06.25"]
[SourceQuality "1"]

1. d4 d5 2. c4 c6 3. Nc3 Nf6 4. Nf3 e6 5. Bg5 Nbd7 6. e3 Qa5 7. cxd5 Nxd5 8. Qd2 Bb4 9. Rc1 h6 10. Bh4 c5 11. a3 Bxc3 12. bxc3 b6 13. Bd3 Ba6 14. 0-0 cxd4 15. Bxa6 Qxa6 16. Qxd4 0-0 17. e4 Nf4 18. Qxd7 Ne2+ 19. Kh1 Nxc1 20. Rxc1 Qxa3 21. Qd2 Rac8 22. Nd4 a6 23. f3 Rc4 24. h3 b5 25. Ne2 Rfc8 26. Rb1 Qc5 27. Bd8 Ra4 28. Rd1 Qf2 29. Kh2 Kh7 30. e5 Rac4 31. Be7 a5 32. Qd3+ Kg8 33. Rb1 b4 34. cxb4 Rc2 35. Nf4 g5 36. Bc5 R8xc5 37. Qd8+ Kh7 38. Qd3+ Kg8 39. Qd8+ Kh7 40. Qd3+ Kg8 1/2-1/2

[Event "TUR-ch"]
[Site "Antalya"]
[Date "2013.02.07"]
[Round "9"]
[White "Guven, Baris"]
[Black "Dastan, Batuhan Muhammed"]
[Result "1-0"]
[WhiteElo "2056"]
[BlackElo "2390"]
[PlyCount "51"]
[EventDate "2013.02.02"]
[EventType "swiss"]
[EventRounds "11"]
[EventCountry "TUR"]
[SourceTitle "CBM 152 Extra"]
[Source "ChessBase"]
[SourceDate "2013.02.25"]
[SourceVersion "1"]
[SourceVersionDate "2013.02.25"]
[SourceQuality "1"]

1. e4 c5 2. Nf3 d6 3. d4 Nf6 4. Nc3 cxd4 5. Nxd4 a6 6. Bg5 Nbd7 7. Bc4 Qb6 8. Bb3 e6 9. Qd2 Be7 10. 0-0-0 Nc5 11. f3 Qc7 12. Kb1 0-0 13. g4 b5 14. a3 Rb8 15. h4 Bd7 16. h5 Rfc8 17. Bxf6 gxf6 18. Rdg1 Kh8 19. f4 a5 20. g5 b4 21. g6 Rg8 22. gxf7 Rgf8 23. Qg2 Rxf7 24. Nf5 Qd8 25. h6 Qf8 26. Qg7+ 1-0

[Event "TUR-ch"]
[Site "Antalya"]
[Date "2013.02.07"]
[Round "8"]
[White "Guven, Baris"]
[Black "Tuncer, Tuna"]
[Result "1-0"]
[WhiteElo "2056"]
[BlackElo "1833"]
[PlyCount "113"]
[EventDate "2013.02.02"]
[EventType "swiss"]
[EventRounds "11"]
[EventCountry "TUR"]
[SourceTitle "CBM 152 Extra"]
[Source "ChessBase"]
[SourceDate "2013.02.25"]
[SourceVersion "1"]
[SourceVersionDate "2013.02.25"]
[SourceQuality "1"]

1. e4 c5 2. Nf3 d6 3. d4 cxd4 4. Nxd4 Nf6 5. Nf3 Ng8 6. Nd4 Nf6 7. Nc3 g6 8. Be3 Bg7 9. f3 0-0 10. Qd2 Nc6 11. g4 Be6 12. Nxe6 fxe6 13. 0-0-0 Ne5 14. Be2 Qa5 15. Kb1 Rfc8 16. Nb5 Qxd2 17. Rxd2 Nc4 18. Bxc4 Rxc4 19. b3 Rcc8 20. Nxa7 Rc3 21. Rd3 Rxd3 22. cxd3 Nd7 23. f4 g5 24. fxg5 Ne5 25. Nb5 Rf8 26. Nc7 Nxg4 27. Bb6 Rf3 28. Nxe6 Rxd3 29. Nxg7 Kxg7 30. Rc1 Nxh2 31. Rc7 Nf3 32. Rxe7+ Kg6 33. Rxb7 Rd1+ 34. Kb2 Rd2+ 35. Ka3 Nxg5 36. Be3 Re2 37. Bxg5 Kxg5 38. Rxh7 Rxe4 39. Rd7 Rd4 40. b4 Kf6 41. Kb3 Ke6 42. Rc7 Rd1 43. Kc2 Rd4 44. a3 d5 45. b5 Kd6 46. Rc6+ Kd7 47. Rc3 Rh4 48. Kb3 d4 49. Rd3 Kd6 50. Kc4 Ke5 51. b6 Rh1 52. Rb3 Rh8 53. b7 Rb8 54. a4 Ke4 55. a5 d3 56. a6 d2 57. Rd3 1-0

[Event "TUR-ch"]
[Site "Antalya"]
[Date "2013.02.05"]
[Round "5"]
[White "Bapoglu, Ibrahim"]
[Black "Guven, Baris"]
[Result "0-1"]
[WhiteElo "1793"]
[BlackElo "2056"]
[PlyCount "84"]
[EventDate "2013.02.02"]
[EventType "swiss"]
[EventRounds "11"]
[EventCountry "TUR"]
[SourceTitle "CBM 152 Extra"]
[Source "ChessBase"]
[SourceDate "2013.02.25"]
[SourceVersion "1"]
[SourceVersionDate "2013.02.25"]
[SourceQuality "1"]

1. e4 e5 2. Nf3 Nc6 3. Bb5 a6 4. Ba4 Nf6 5. 0-0 Be7 6. Qe2 b5 7. Bb3 0-0 8. c3 d5 9. exd5 Nxd5 10. d3 Bb7 11. Rd1 Re8 12. a4 b4 13. a5 Bf6 14. Qc2 Qd7 15. Nbd2 Nf4 16. Ne4 Nxg2 17. Kf1 Qg4 18. Ng1 Nh4 19. f3 Nxf3 20. Nxf3 Qxf3+ 21. Kg1 Be7 22. Rf1 Qg4+ 23. Qg2 Qxg2+ 24. Kxg2 Nd8 25. Kg3 h6 26. Bd2 bxc3 27. Bxc3 Bd6 28. Rf5 Bc8 29. Rf3 Be6 30. Ba4 Re7 31. Raf1 Rb8 32. h4 Bb3 33. Bxb3 Rxb3 34. Kg4 Rb5 35. Ng3 g6 36. h5 Ne6 37. hxg6 fxg6 38. Ne4 Bb4 39. Nf6+ Kg7 40. Nd5 Rxd5 41. Bxb4 Rd4+ 42. Kg3 Rxb4 0-1

[Event "TUR-ch"]
[Site "Antalya"]
[Date "2013.02.05"]
[Round "6"]
[White "Guven, Baris"]
[Black "Kanmazalp, Ogulcan"]
[Result "1-0"]
[WhiteElo "2056"]
[BlackElo "2389"]
[PlyCount "65"]
[EventDate "2013.02.02"]
[EventType "swiss"]
[EventRounds "11"]
[EventCountry "TUR"]
[SourceTitle "CBM 152 Extra"]
[Source "ChessBase"]
[SourceDate "2013.02.25"]
[SourceVersion "1"]
[SourceVersionDate "2013.02.25"]
[SourceQuality "1"]

1. e4 c5 2. Nf3 d6 3. d4 cxd4 4. Nxd4 Nf6 5. Nc3 Nc6 6. Bc4 Bd7 7. 0-0 g6 8. Nxc6 bxc6 9. f4 Qb6+ 10. Kh1 Ng4 11. Qe2 Bg7 12. h3 h5 13. Na4 Qb4 14. Bb3 Nf6 15. Re1 h4 16. Bd2 Qb8 17. Qf2 Nh5 18. Qxh4 g5 19. Qxg5 Bf6 20. Qa5 Qc8 21. e5 Bxh3 22. exf6 Nxf6 23. Qc3 Qg4 24. g3 c5 25. Kg1 Kf8 26. Kf2 Bg2 27. Kxg2 Qh3+ 28. Kf2 Qh2+ 29. Kf1 Qh3+ 30. Ke2 Ne4 31. Qe3 Qg4+ 32. Kd3 f5 33. Rh1 1-0

[Event "TUR-ch"]
[Site "Antalya"]
[Date "2013.02.03"]
[Round "2"]
[White "Guven, Baris"]
[Black "Fazla, Onder Zafer"]
[Result "1-0"]
[WhiteElo "2056"]
[BlackElo "1803"]
[PlyCount "89"]
[EventDate "2013.02.02"]
[EventType "swiss"]
[EventRounds "11"]
[EventCountry "TUR"]
[SourceTitle "CBM 152 Extra"]
[Source "ChessBase"]
[SourceDate "2013.02.25"]
[SourceVersion "1"]
[SourceVersionDate "2013.02.25"]
[SourceQuality "1"]

1. e4 Nf6 2. e5 Nd5 3. d4 Nc6 4. c4 Nb6 5. d5 Nxe5 6. c5 Nxd5 7. Qxd5 d6 8. cxd6 exd6 9. Nf3 c6 10. Qe4 Be6 11. Nxe5 Qa5+ 12. Bd2 Qxe5 13. Qxe5 dxe5 14. Bc3 f6 15. a4 0-0-0 16. Nd2 Bc5 17. a5 a6 18. Bc4 Bd5 19. Bxd5 Rxd5 20. Ke2 Kc7 21. Rhd1 Rhd8 22. f3 h5 23. Ne4 Be7 24. Be1 f5 25. Nc3 Rxd1 26. Rxd1 g5 27. Rxd8 Bxd8 28. Na4 Be7 29. Kd3 g4 30. h3 gxh3 31. gxh3 Kd7 32. Kc4 Bd8 33. Nc5+ Kc8 34. b4 Be7 35. Ne6 e4 36. fxe4 fxe4 37. Ng7 b5+ 38. axb6 e3 39. Nf5 Bf8 40. Nxe3 Kb7 41. Nf5 Kxb6 42. Bf2+ Kb7 43. Bc5 Bxc5 44. Kxc5 a5 45. bxa5 1-0

[Event "World ol U16 11th"]
[Site "Istanbul"]
[Date "2012.09.03"]
[Round "8.13"]
[White "Sultan, Marshool"]
[Black "Guven, Baris"]
[Result "0-1"]
[WhiteElo "1756"]
[BlackElo "2015"]
[PlyCount "63"]
[EventDate "2012.08.29"]
[EventType "team-swiss"]
[EventRounds "10"]
[EventCountry "TUR"]
[SourceTitle "CBM 150 Extra"]
[Source "ChessBase"]
[SourceDate "2012.10.19"]
[SourceVersion "1"]
[SourceVersionDate "2012.10.19"]
[SourceQuality "1"]
[WhiteTeam "United Arab Emirates (U16)"]
[BlackTeam "Turkey White U16"]
[WhiteTeamCountry "UAE"]
[BlackTeamCountry "TUR"]

1. e4 e5 2. Nf3 Nc6 3. Bc4 Nf6 4. d3 Be7 5. Nc3 d6 6. h3 0-0 7. 0-0 Na5 8. Bb3 Nxb3 9. axb3 c5 10. Bd2 h6 11. Qe2 Be6 12. Nb5 a6 13. Na3 b5 14. b4 Nd7 15. bxc5 Nxc5 16. d4 exd4 17. Nxd4 Bd7 18. Nf5 Bxf5 19. exf5 Bf6 20. Rab1 Re8 21. Qg4 Re4 22. Qf3 b4 23. Be3 Qe8 24. Qg3 bxa3 25. Qxd6 Rxe3 26. fxe3 Qxe3+ 27. Kh1 Ne4 28. Qc6 Ng3+ 29. Kh2 Nxf1+ 30. Rxf1 Be5+ 31. Kh1 Rd8 32. bxa3 0-1

[Event "World ol U16 11th"]
[Site "Istanbul"]
[Date "2012.08.30"]
[Round "2.13"]
[White "Guven, Baris"]
[Black "Gokerkan, Cem Kaan"]
[Result "0-1"]
[WhiteElo "2015"]
[BlackElo "1845"]
[PlyCount "56"]
[EventDate "2012.08.29"]
[EventType "team-swiss"]
[EventRounds "10"]
[EventCountry "TUR"]
[SourceTitle "CBM 150 Extra"]
[Source "ChessBase"]
[SourceDate "2012.10.19"]
[SourceVersion "1"]
[SourceVersionDate "2012.10.19"]
[SourceQuality "1"]
[WhiteTeam "Turkey White U16"]
[BlackTeam "Turkey Turquaz (U16)"]
[WhiteTeamCountry "TUR"]
[BlackTeamCountry "TUR"]

1. e4 c5 2. Nf3 d6 3. d4 cxd4 4. Nxd4 Nf6 5. Nc3 a6 6. Bg5 e6 7. f4 Qc7 8. f5 Be7 9. fxe6 fxe6 10. Qd3 Qc5 11. Be3 Ng4 12. Bg1 Qg5 13. Qc4 0-0 14. Nxe6 Bxe6 15. Qxe6+ Kh8 16. Nd5 Nc6 17. Be2 Nge5 18. Qh3 Qg6 19. Bd3 Bh4+ 20. Ke2 Qh5+ 21. Kd2 Rf3 22. Qe6 Qg5+ 23. Kc3 Qxg2 24. Be3 Nxd3 25. cxd3 Qe2 26. Qxd6 Rd8 27. Qc5 Bf6+ 28. Kc4 b5+ 0-1

[Event "TUR-chT"]
[Site "Konya"]
[Date "2012.07.22"]
[Round "13"]
[White "Guven, Baris"]
[Black "Dastan, Batuhan Muhammed"]
[Result "1/2-1/2"]
[WhiteElo "1981"]
[BlackElo "2310"]
[PlyCount "31"]
[EventDate "2012.07.11"]
[EventType "team-tourn"]
[EventRounds "13"]
[EventCountry "TUR"]
[SourceTitle "CBM 149 Extra"]
[Source "ChessBase"]
[SourceDate "2012.08.24"]
[SourceVersion "1"]
[SourceVersionDate "2012.08.24"]
[SourceQuality "1"]
[WhiteTeam "Manisa TS Alyans"]
[BlackTeam "Ankara Gazi"]
[WhiteTeamCountry "TUR"]
[BlackTeamCountry "TUR"]

1. e4 c5 2. Nf3 d6 3. d4 Nf6 4. Nc3 cxd4 5. Nxd4 a6 6. Bg5 Nbd7 7. Bc4 Qb6 8. Bb3 e6 9. Bxf6 Nxf6 10. f4 e5 11. Ba4+ Ke7 12. Nde2 Be6 13. f5 Ng4 14. fxe6 Qf2+ 15. Kd2 Qe3+ 16. Ke1 1/2-1/2

[Event "TUR-chT"]
[Site "Konya"]
[Date "2012.07.14"]
[Round "4"]
[White "Gundogan, Cem"]
[Black "Guven, Baris"]
[Result "1/2-1/2"]
[WhiteElo "1966"]
[BlackElo "1981"]
[PlyCount "110"]
[EventDate "2012.07.11"]
[EventType "team-tourn"]
[EventRounds "13"]
[EventCountry "TUR"]
[SourceTitle "CBM 149 Extra"]
[Source "ChessBase"]
[SourceDate "2012.08.24"]
[SourceVersion "1"]
[SourceVersionDate "2012.08.24"]
[SourceQuality "1"]
[WhiteTeam "Denizli Er Bakir"]
[BlackTeam "Manisa TS Alyans"]
[WhiteTeamCountry "TUR"]
[BlackTeamCountry "TUR"]

1. e4 e5 2. d4 exd4 3. c3 d5 4. Qxd4 dxe4 5. Qxe4+ Qe7 6. Qxe7+ Bxe7 7. Bf4 Bd6 8. Bxd6 cxd6 9. Na3 d5 10. Nb5 Na6 11. Nd6+ Ke7 12. Nxc8+ Rxc8 13. Bxa6 bxa6 14. 0-0-0 Nf6 15. Ne2 Rhd8 16. Nd4 Kf8 17. f3 Nd7 18. Kb1 Nb6 19. Nc2 a5 20. Rd3 a4 21. Re1 Nc4 22. b3 axb3 23. axb3 Nb6 24. Ne3 a5 25. Kb2 a4 26. Red1 axb3 27. Kxb3 Rb8 28. Kc2 Ra8 29. Rb1 Nc4 30. Nxc4 dxc4 31. Rxd8+ Rxd8 32. Rb4 Re8 33. Kd2 Ra8 34. Ke1 Rc8 35. Ke2 Re8+ 36. Kf2 Rc8 37. Ke3 Ke7 38. g4 Ke6 39. Kd4 Rd8+ 40. Ke4 Rd2 41. h4 h5 42. Kf4 hxg4 43. fxg4 Kd5 44. Rb7 Rc2 45. Rc7 g6 46. Kg5 Rxc3 47. Rxf7 Rh3 48. Rd7+ Kc5 49. Rh7 c3 50. Rc7+ Kd4 51. Rc6 Kd5 52. Rc8 Kd4 53. Rc6 Kd5 54. Rc7 Kd4 55. Rc8 Kd3 1/2-1/2

[Event "TUR-chT"]
[Site "Konya"]
[Date "2012.07.11"]
[Round "1"]
[White "Ersoz, Bartu"]
[Black "Guven, Baris"]
[Result "1/2-1/2"]
[WhiteElo "1943"]
[BlackElo "1981"]
[PlyCount "81"]
[EventDate "2012.07.11"]
[EventType "team-tourn"]
[EventRounds "13"]
[EventCountry "TUR"]
[SourceTitle "CBM 149 Extra"]
[Source "ChessBase"]
[SourceDate "2012.08.24"]
[SourceVersion "1"]
[SourceVersionDate "2012.08.24"]
[SourceQuality "1"]
[WhiteTeam "Istanbul Teknik Uni"]
[BlackTeam "Manisa TS Alyans"]
[WhiteTeamCountry "TUR"]
[BlackTeamCountry "TUR"]

1. e4 e5 2. Nf3 Nc6 3. Bb5 a6 4. Bxc6 dxc6 5. 0-0 Bg4 6. h3 Bxf3 7. Qxf3 Qd7 8. Qb3 0-0-0 9. d3 f6 10. Be3 h5 11. Nd2 h4 12. Nc4 c5 13. f4 exf4 14. Rxf4 Ne7 15. Qa3 Rh5 16. Raf1 Nc6 17. Qc3 Be7 18. Kh1 Nd4 19. Bxd4 Qxd4 20. Qa5 Qd7 21. Qe1 Qe6 22. a3 b5 23. Ne3 Bd6 24. Rf5 Rxf5 25. Nxf5 g5 26. Nxd6+ Rxd6 27. Rf5 c4 28. Qc3 cxd3 29. cxd3 Rc6 30. Rc5 Rxc5 31. Qxc5 Kb7 32. Qe3 Qb3 33. Qf3 Kb8 34. Qxf6 Qd1+ 35. Kh2 Qxd3 36. Qf8+ Ka7 37. Qf2+ Kb8 38. Qe1 Kc8 39. e5 Kd7 40. Qf2 Ke8 41. Qf6 1/2-1/2

[Event "Golden Sands Europe op 1st"]
[Site "Golden Sands"]
[Date "2012.06.06"]
[Round "3"]
[White "Guven, Baris"]
[Black "Todorov, Ognjan"]
[Result "1/2-1/2"]
[WhiteElo "1929"]
[BlackElo "2305"]
[PlyCount "64"]
[EventDate "2012.06.04"]
[EventType "swiss"]
[EventRounds "9"]
[EventCountry "BUL"]
[SourceTitle "CBM 148 Extra"]
[Source "ChessBase"]
[SourceDate "2012.06.22"]
[SourceVersion "1"]
[SourceVersionDate "2012.06.22"]
[SourceQuality "1"]

1. e4 e6 2. d4 d5 3. Nd2 a6 4. Ngf3 c5 5. exd5 exd5 6. dxc5 Bxc5 7. Nb3 Ba7 8. Bd3 Ne7 9. 0-0 Nbc6 10. Re1 0-0 11. Be3 Bf5 12. Bxa7 Rxa7 13. Nfd4 Bxd3 14. Qxd3 Ng6 15. Nf3 a5 16. c3 a4 17. Nbd4 Qb6 18. Qb5 Ra6 19. Qxb6 Rxb6 20. b4 Rc8 21. Re3 Nxd4 22. Nxd4 Rd6 23. Rae1 Kf8 24. g3 Rd7 25. Nf5 f6 26. f4 Rcc7 27. Kf2 Ne7 28. Rxe7 Rxe7 29. Rxe7 Rxe7 30. Nxe7 Kxe7 31. Ke3 Kd6 32. Kd4 b5 1/2-1/2

[Event "TUR-ch"]
[Site "Kemer"]
[Date "2012.02.02"]
[Round "7"]
[White "Korkmaz, Necmettin"]
[Black "Guven, Baris"]
[Result "1-0"]
[WhiteElo "2164"]
[BlackElo "1914"]
[PlyCount "151"]
[EventDate "2012.01.29"]
[EventType "swiss"]
[EventRounds "10"]
[EventCountry "TUR"]
[SourceTitle "CBM 146 Extra"]
[Source "ChessBase"]
[SourceDate "2012.02.29"]
[SourceVersion "1"]
[SourceVersionDate "2012.02.29"]
[SourceQuality "1"]

1. e4 e5 2. Nf3 Nc6 3. Bb5 a6 4. Ba4 Nf6 5. 0-0 Be7 6. Re1 b5 7. Bb3 d6 8. c3 0-0 9. h3 Na5 10. Bc2 c5 11. d4 Qc7 12. Nbd2 Rd8 13. b3 Bd7 14. Nf1 Nc6 15. Ne3 cxd4 16. Nd5 Nxd5 17. exd5 dxc3 18. dxc6 Bxc6 19. Qd3 e4 20. Qxc3 exf3 21. Qd3 g6 22. Bb2 Rac8 23. Qd4 f6 24. Re6 Rf8 25. Rae1 Rce8 26. b4 Bd8 27. Bb3 Kg7 28. Rc1 Rxe6 29. Bxe6 Qe7 30. Rxc6 Qxe6 31. gxf3 Be7 32. Rxa6 Qxh3 33. Ra7 Qe6 34. a4 bxa4 35. b5 Rb8 36. b6 Kf7 37. Ba3 Qe5 38. Qxe5 fxe5 39. Bxd6 Rxb6 40. Bxe7 Rb3 41. Kg2 Ke6 42. Bf8 Kf5 43. Rxa4 Rb8 44. Bc5 Rc8 45. Be3 h5 46. Ra5 g5 47. Ra6 Rh8 48. Kh3 Rh7 49. Ra8 g4+ 50. fxg4+ hxg4+ 51. Kg3 Rg7 52. Rh8 Rg6 53. Rh5+ Kf6 54. Kh4 Rg8 55. Rg5 Ra8 56. Rxg4 Ra1 57. Kg3 Kf5 58. Kf3 Ra3 59. Rc4 Rb3 60. Ke2 Rb2+ 61. Bd2 Rb5 62. Ra4 Rc5 63. Ra5 Rc4 64. f3 Ke6 65. Be1 Rf4 66. Bg3 Rf5 67. Ke3 Rg5 68. Be1 Rf5 69. Bd2 Rh5 70. Bc1 Rh1 71. Bb2 Rh5 72. Ra6+ Kd5 73. Ba3 Rh4 74. Kd3 Rd4+ 75. Kc3 Rc4+ 76. Kb3 1-0

[Event "Wch U14"]
[Site "Caldas Novas"]
[Date "2011.11.22"]
[Round "5"]
[White "Bezuidenhout, Roland Reinhold"]
[Black "Guven, Baris"]
[Result "1-0"]
[WhiteElo "1811"]
[BlackElo "1907"]
[PlyCount "91"]
[EventDate "2011.11.18"]
[EventType "swiss"]
[EventRounds "9"]
[EventCountry "BRA"]
[SourceTitle "EXT 2013"]
[Source "ChessBase"]
[SourceDate "2012.11.22"]
[SourceVersion "1"]
[SourceVersionDate "2012.11.22"]
[SourceQuality "1"]

1. e4 e5 2. Nf3 Nc6 3. Bb5 a6 4. Ba4 Nf6 5. 0-0 Be7 6. Re1 b5 7. Bb3 0-0 8. a4 Rb8 9. axb5 axb5 10. d3 d6 11. h3 Be6 12. c3 h6 13. d4 Bxb3 14. Qxb3 Qc8 15. Nbd2 Re8 16. Nf1 Bf8 17. Ng3 Qb7 18. d5 Ne7 19. Be3 c5 20. dxc6 Nxc6 21. Nh4 Ra8 22. c4 Rab8 23. cxb5 Qxb5 24. Qxb5 Rxb5 25. Rec1 Nd4 26. Ra2 d5 27. Bxd4 exd4 28. e5 Ne4 29. Nf3 d3 30. Nf1 Bc5 31. Ne3 Reb8 32. Nd1 g5 33. Kf1 h5 34. g4 hxg4 35. hxg4 d4 36. Ra4 Rd8 37. Rcc4 Bb6 38. Ra3 Nc5 39. b4 Ne6 40. Rxd3 Nf4 41. Rd2 Rbd5 42. Rc6 Rb5 43. Nxg5 Rxb4 44. Nxf7 Rb1 45. Nxd8 Ba5 46. Rxd4 1-0

[Event "Izmir op 10th"]
[Site "Izmir"]
[Date "2011.09.02"]
[Round "3"]
[White "Guven, Baris"]
[Black "Morchiashvili, Bachana"]
[Result "0-1"]
[WhiteElo "1903"]
[BlackElo "2364"]
[PlyCount "96"]
[EventDate "2011.09.01"]
[EventType "swiss"]
[EventRounds "9"]
[EventCountry "TUR"]
[SourceTitle "CBM 144 Extra"]
[Source "ChessBase"]
[SourceDate "2011.10.28"]
[SourceVersion "1"]
[SourceVersionDate "2011.10.28"]
[SourceQuality "1"]

1. e4 c5 2. Nf3 e6 3. d4 cxd4 4. Nxd4 a6 5. Bd3 Qb6 6. c3 Nc6 7. 0-0 Nxd4 8. cxd4 Qxd4 9. Be3 Qf6 10. Nc3 Ne7 11. f4 Nc6 12. f5 Qd8 13. Qh5 d6 14. Bc4 g6 15. fxg6 fxg6 16. Qe2 Ne5 17. a4 Bg7 18. a5 Bd7 19. Bb3 Rf8 20. Qd2 Rxf1+ 21. Rxf1 Nf7 22. Na4 Bb5 23. Re1 Qe7 24. Nb6 Rd8 25. Rc1 Qf6 26. Bf2 Bh6 27. Be3 Bxe3+ 28. Qxe3 Ne5 29. h3 Nc6 30. Qh6 Nd4 31. Rc7 Qf1+ 32. Kh2 Qf2 33. Bd1 Be2 34. Bxe2 Nxe2 35. Rc1 Nxc1 36. Qxc1 Qc5 37. Qh6 Qe5+ 38. Kh1 Qxa5 39. Qe3 Qc5 40. Qb3 Qc1+ 41. Kh2 Qf4+ 42. Kh1 Qxe4 43. Qc3 e5 44. Qc7 Qc6 45. Qxh7 Qxb6 46. Qg8+ Kd7 47. Qf7+ Kc8 48. Qe6+ Kb8 0-1